[Event "BCF-ch U12 blitz"]
[Site "Hull"]
[Date "2024.07.25"]
[Round "5"]
[White "Boganadham, Ved Sudeep"]
[Black "Eru, Jake"]
[Result "1-0"]
[WhiteElo "1666"]
[BlackElo "880"]
[PlyCount "54"]
[EventDate "2024.07.25"]
[EventType "swiss (blitz)"]
[EventRounds "9"]
[EventCountry "ENG"]
[SourceTitle "CBM 221 Extra"]
[Source "ChessBase"]
[SourceDate "2024.09.30"]
[SourceVersion "1"]
[SourceVersionDate "2024.09.30"]
[SourceQuality "1"]

1. e4 e5 2. Nf3 Nc6 3. Bc4 Nf6 4. Ng5 d5 5. exd5 Nd4 6. Be2 Nxe2 7. Qxe2 Be7 8. 0-0 0-0 9. Nc3 Ng4 10. Nf3 Nf6 11. d3 h6 12. Nxe5 c6 13. dxc6 bxc6 14. Nxc6 Qc7 15. Nxe7+ Kh8 16. Nxc8 Raxc8 17. Be3 Kh7 18. d4 g6 19. Qd2 Ng4 20. Bf4 Qd7 21. Bg3 f6 22. h3 Nxf2 23. Qxf2 f5 24. Be5 g5 25. Qe3 f4 26. Qd3+ Kg8 27. Qg6+ Qg7 1-0

[Event "BCF-ch U12 blitz"]
[Site "Hull"]
[Date "2024.07.25"]
[Round "1"]
[White "Catabay, Rezin C"]
[Black "Eru, Jake"]
[Result "1-0"]
[WhiteElo "1636"]
[BlackElo "880"]
[PlyCount "65"]
[EventDate "2024.07.25"]
[EventType "swiss (blitz)"]
[EventRounds "9"]
[EventCountry "ENG"]
[SourceTitle "CBM 221 Extra"]
[Source "ChessBase"]
[SourceDate "2024.09.30"]
[SourceVersion "1"]
[SourceVersionDate "2024.09.30"]
[SourceQuality "1"]

1. d4 d5 2. c4 c6 3. g3 Nf6 4. Bg2 e6 5. Nf3 Be7 6. 0-0 0-0 7. Nc3 Bd7 8. e3 b5 9. cxb5 cxb5 10. a3 b4 11. axb4 Bxb4 12. Ne5 Bxc3 13. bxc3 Bb5 14. Re1 Ne4 15. Ba3 Re8 16. Bxe4 dxe4 17. c4 Bc6 18. Rb1 Qc7 19. Qc2 Rd8 20. Red1 f6 21. Nxc6 Qxc6 22. Qb3 Rd7 23. d5 exd5 24. cxd5 Qc7 25. d6+ Kh8 26. dxc7 Nc6 27. Rxd7 Rc8 28. Qb7 h6 29. Qxc8+ Kh7 30. Qf8 Kg6 31. Qxg7+ Kh5 32. Rb5+ f5 33. Rxf5# 1-0

[Event "BCF-ch U12 blitz"]
[Site "Hull"]
[Date "2024.07.25"]
[Round "2"]
[White "Eru, Jake"]
[Black "Patel, Parisa"]
[Result "1-0"]
[WhiteElo "880"]
[BlackElo "1467"]
[PlyCount "63"]
[EventDate "2024.07.25"]
[EventType "swiss (blitz)"]
[EventRounds "9"]
[EventCountry "ENG"]
[SourceTitle "CBM 221 Extra"]
[Source "ChessBase"]
[SourceDate "2024.09.30"]
[SourceVersion "1"]
[SourceVersionDate "2024.09.30"]
[SourceQuality "1"]

1. e4 c5 2. d4 cxd4 3. Qxd4 Nc6 4. Qd3 g6 5. Nc3 Bg7 6. Nf3 d6 7. Be2 Nf6 8. 0-0 0-0 9. Qd1 Bg4 10. Bg5 Rb8 11. a3 a6 12. Nd5 Nxe4 13. Bh4 Bxb2 14. Rb1 Nc3 15. Qd2 Nxb1 16. Rxb1 Bg7 17. Rb6 e6 18. Bxd8 exd5 19. Bc7 Rbc8 20. Bxd6 Bxf3 21. Bxf3 Rcd8 22. Bxf8 Rxf8 23. Rxb7 Re8 24. Bxd5 Bh6 25. Qc3 Nd4 26. Qb4 Nxc2 27. Bxf7+ Kh8 28. Qc3+ Bg7 29. Qd2 Bh6 30. Qc3+ Bg7 31. Rb8 Rxb8 32. Qxc2 1-0